000 00438nam a2200193Ia 4500
005 20250603144415.0
008 250603s9999 xx 000 0 und d
020 _a9780205075348
050 _aP 121 .R6926/
100 _aRowe, Bruce M.
245 2 _aA concise introduction to linguistics
250 _a3rd ed.
260 _aBoston
260 _bPearson
260 _c2012
300 _a420 p
650 _aBoston
942 _cBK
999 _c38826
_d38826